00282pab a2200121 454500008004000000100002300040245002700063260000900090300001300099362001200112650001000124773002600134180718b2002 xxu||||| |||| 00| 0 eng d aAzad, Nirmal Kumar aHandcuff: a case study c2002 ap.25-29. aJul-Sep aCrime aIndian Police Journal